Latinoamérica y Estados Unidos: dominio, cooperación y conflicto
Saved in:
| Hovedforfatter: | |
|---|---|
| Format: | Bog |
| Sprog: | spansk |
| Udgivet: |
Madrid
Tecnos
1975
|
| Serier: | Semilla y surco: colección de ciencias sociales. Serie de Relaciones Internacionales
|
| Fag: | |
| Tags: |
Tilføj Tag
Ingen Tags, Vær først til at tagge denne postø!
|
MARC
| LEADER | 00000nam a2200000 a 4500 | ||
|---|---|---|---|
| 001 | UCX1107 | ||
| 003 | CL-VaPUC | ||
| 008 | 900605e19750000SP |||||||||||||||||spa|d | ||
| 082 | 0 | 4 | |a 327.7308 |b GIL |2 21 |
| 100 | |a Gil, Federico Guillermo |e author |9 316522 | ||
| 245 | 1 | 0 | |a Latinoamérica y Estados Unidos: dominio, cooperación y conflicto |
| 300 | |a 269 p | ||
| 942 | |c BK | ||
| 945 | |d 19900605 00:00:00 | ||
| 260 | |a Madrid |b Tecnos |c 1975 | ||
| 650 | 0 | |a Relaciones Exteriores |9 255379 | |
| 651 | 0 | |a América Latina |9 255027 | |
| 651 | 0 | |a Estados Unidos |9 255178 | |
| 583 | |a last modification |c 19900605 00:00:00 |k Rodrigo Vera | ||
| 490 | 0 | |a Semilla y surco: colección de ciencias sociales. Serie de Relaciones Internacionales | |
| 999 | |c 222433 |d 222431 | ||
| 952 | |0 0 |1 0 |4 0 |6 327_730800000000000_GIL_1975 |7 0 |8 A |9 217152 |a BIBHIS |b BIBHIS |d 2019-11-15 |i 2861070 |l 1 |o 327.7308 GIL 1975 |p 2861070 |r 2025-01-20 |s 2023-03-30 |w 2019-11-15 |y BK |k HIS | ||